Actividades de la Asociación Guatemalteca Pro Naciones Unidas (AGNU): miembro de WFUNA FMANU 1990-1991
Uloženo v:
| Médium: | Text |
|---|---|
| Témata: | |
| Tagy: |
Přidat tag
Žádné tagy, Buďte první, kdo vytvoří štítek k tomuto záznamu!
|
MARC
| LEADER | 00000 a a2200000 04500 | ||
|---|---|---|---|
| 001 | 274 | ||
| 003 | |||
| 040 | |||
| 245 | |a Actividades de la Asociación Guatemalteca Pro Naciones Unidas (AGNU): |b miembro de WFUNA FMANU 1990-1991 | ||
| 650 | |a SISTEMA DE NACIONES UNIDAS | ||
| 650 | |a GUATEMALA | ||
| 773 | |g número 10; páginas 2-4 | ||
| 999 | |c 33529 |d 33529 | ||
| 773 | 0 | |0 42396 |9 3461 |a Asociación Guatemalteca Pro-Naciones Unidas |d Guatemala: AGNU |o 03688 |t AGNU Guatemala/ | |
